| 000 | 00717nam a2200193 4500 | ||
|---|---|---|---|
| 001 | 2007482 | ||
| 003 | AM-YEHGA | ||
| 005 | 20250617165014.0 | ||
| 008 | 250207s1934 ru ||||| |||| 00| 0 rus d | ||
| 040 | _aAM-YeHGA | ||
| 041 | 0 | _arus | |
| 100 | 1 | _aБогородицкий, Василий Алексеевич | |
| 245 | 1 | 0 |
_aВведение в татарское языкознание в связи с другими тюркскими языками / _cВ.А. Богородицкий. |
| 260 |
_aКазань : _bТатгосизд-во Сектор учеб.-пед. лит., _c1934. |
||
| 300 | _a167 с. | ||
| 650 | 1 | 4 | _aТатарское языкознание |
| 942 |
_2udc _cBK |
||
| 090 | _c572066 | ||
| 999 |
_c533094 _d533094 |
||